000 00530nam a22001937a 4500
005 20250724154617.0
010 _aENG-146145
020 _c350.00
_a9789348892973
035 _aEN-129677
037 _bDBAD
082 _a881
_21
100 _aSarada, Salini
_983326
245 _aReflections/
_cSalini Sarada
250 _a1
260 _aKolkata
_bExceller Books
_c2024
270 _aG1 Dream Apartment, Degree College Road
_b Belgharia,Kolkata
300 _a62p.
_c22cm(pb)
942 _2ddc
_cEN
_mSAR
_h881
999 _c212600
_d212600